Operačné syystémy DOS RV a FOBOS počítačov SMEP
Uložené v:
| Hlavní autori: | , , |
|---|---|
| Médium: | Kniha |
| Jazyk: | Slovak |
| Vydavateľské údaje: |
Bratislava :
SVŠT v Bratislave,
1985
|
| Tagy: |
Žiadne tagy, Buďte prvý, kto otaguje tento záznam!
|
MARC
| LEADER | 00000nam a22000003a 4500 | ||
|---|---|---|---|
| 001 | stu290413 | ||
| 005 | 20150617230302.4 | ||
| 008 | 140603s--------cs------------------slo-d | ||
| 040 | |a STU |b slo | ||
| 041 | 0 | |a slo | |
| 044 | |a cs | ||
| 100 | 1 | |a Beňo, Stanislav, |d 1977- |4 aut |X 2507 |7 A000002507 | |
| 245 | 1 | |a Operačné syystémy DOS RV a FOBOS počítačov SMEP | |
| 260 | |a Bratislava : |b SVŠT v Bratislave, |c 1985 | ||
| 300 | |a 108 s | ||
| 700 | 1 | |a Hohošová, M. |4 aut | |
| 700 | 1 | |a Šimončič, R. |4 aut | |
| 996 | |b I10109 |l II680 |s A |a 24 |w stu290413_0001 | ||